000 03080nam a22003017a 4500
003 OSt
005 20251202134041.0
007 cr ||||||a|c|a
008 221201s2021 mx a|||fom||| 001 0 spa d
040 _erda
100 _9185766
_aRamírez Baños, Cecilia
245 1 _aProyecto para el establecimiento de un relleno sanitario tipo C, en el municipio de Santa María Colotepec, Oaxaca /
_cpor Cecilia Ramírez Baños, director de tesis Francisco Razo López.
264 1 _aChapingo, México :
_bEl autor,
_c2021.
300 _a1 recurso en línea (158 páginas).
_bcuadros, figuras.
336 _2rdacontent
_atexto
_btxt
337 _2rdamedia
_acomputadora
_bc
338 _2rdacarrier
_arecurso en línea
_bcr
502 _bIRNR
_cSuelos
_d2021.
_gLIC
504 _aIncluye referencias bibliográficas: páginas 131-136.
520 _aSe elaboró un proyecto para el establecimiento del relleno sanitario en el municipio de Santa María Colotepec, Oaxaca. Para la realización de este trabajo, se toma como base el crecimiento poblacional del municipio de estudio, el cual se determinó mediante la Tasa de crecimiento geométrico simplificado de Albino-Bocaz y la metodología descrita por Razo (2017). Para determinar la cantidad de residuos sólidos urbanos (RSU) generados por los habitantes del municipio de estudio, se consideraron los conceptos de los residuos sólidos per cápita y la cuenta de flujos físicos. Datos de la Secretaria de Medio Ambiente y Recursos Naturales (SEMARNAT), y el Instituto Nacional de Estadística y Geografía (INEGI) complementaron el estudio. La composición de RSU se obtuvo con los datos proporcionados por la SEMARNAT en el Informe del Medio Ambiente del año 2017. Se determinó la ubicación del relleno sanitario considerando lo descrito en la Norma Oficial Mexicana NOM-083-SEMARNAT-2003. Para ello se usó herramientas de información geográfica y la metodología descrita por Alcocer y Bass (2018). La generación de lixiviados se calculó por el método suizo, mientras el cálculo de la generación de biogás se efectúo utilizando el Modelo Mexicano de Biogás V. 2. 0. Se diseñó el plano de las instalaciones y obras auxiliares que exige la Norma Oficial Mexicana NOM-083-SEMARNAT-2003 para el establecimiento de un sitio de disposición final. La información anterior facilitó la ingeniería del proyecto, la organización de la empresa y la evaluación financiera de este. Finalmente se muestran los datos de viabilidad económica del proyecto, los posibles sitios para su establecimiento y sugerencias para la administración y manejo del relleno sanitario durante su vida útil.
650 4 _9133828
_aRellenos sanitarios
_xDiseño y construcción
650 4 _9132274
_aResiduos sólidos
_xControl
650 4 _974106
_aMedio ambiente
_xProtección
650 4 _910760
_aBasura
_xReciclaje
700 1 _994892
_aRazo López, Francisco
_eDirector de tesis.
856 _uhttp://10.13.5.2/tesis/tl/2021_SU_Ramirez_Banos_Cecilia.pdf
_zDESCARGAR PDF
942 _2Clasificación Universidad Autónoma Chapingo
_cTD
999 _c217906
_d217906